Illustrated encyclopedia of facts and figures : the Diagram Group
| Format: | Book |
|---|---|
| Published: |
England :
Longman ,
1985
|
| Subjects: |
MARC
| LEADER | 00000cam a2200000 7i4500 | ||
|---|---|---|---|
| 001 | 0000002968 | ||
| 002 | 000003213 | ||
| 005 | 20051005.0 | ||
| 020 | |a 0582235634 | ||
| 090 | 0 | 0 | |a 032 |b ILL |
| 245 | 0 | 0 | |a Illustrated encyclopedia of facts and figures : |b the Diagram Group |
| 260 | |a England : |b Longman , |c 1985 | ||
| 300 | |a 320p. : |b ill. ; |c 21cm. | ||
| 650 | 0 | 0 | |a Encyclopedias and dictionaries |x Juvenile literature |
| 999 | |a 036520 |b BUKU |c JUNIOR BOOKS |e PERPUSTAKAAN KOMUNITI CAW KOTA DAMANSARA | ||